[Event "XXV Torneo di Capodanno"]
[Site "Reggio nell'Emilia ITA"]
[Date "1982.12.27"]
[Round "1"]
[White "Wagman, Stuart"]
[Black "Wiedenkeller, Michael"]
[Result "1/2-1/2"]
[WhiteElo "2240"]
[BlackElo "2305"]
[PlyCount "122"]
[EventDate "1982.12.27"]

1. e4 e5 2. Bc4 Nf6 3. d3 Nc6 4. Nf3 Be7 5. O-O d6 6. c3 O-O 7. Re1 Na5 8. Bb5
a6 9. Ba4 c5 10. Nbd2 b5 11. Bc2 Qc7 12. Nf1 Nc6 13. Qe2 Be6 14. h3 h6 15. g4
Nh7 16. Ne3 Ng5 17. Nd5 Bxd5 18. exd5 Nb8 19. Bxg5 Bxg5 20. d4 cxd4 21. cxd4
Nd7 22. dxe5 Nxe5 23. Nxe5 dxe5 24. Qd3 g6 25. d6 Qc5 26. Bb3 Kg7 27. Re2 Rfd8
28. Rd1 Rd7 29. Rc2 Qa7 30. Qd5 Re8 31. Qc5 Qb8 32. Qc6 Qa7 33. Qc5 Qb8 34. Qc6
Red8 35. Qxa6 Rxd6 36. Rxd6 Rxd6 37. Rc8 Qb6 38. Qxb6 Rxb6 39. Rc7 Rf6 40. Rb7
Bh4 41. Rxb5 Bxf2+ 42. Kg2 Bd4 43. Bd5 Rf2+ 44. Kg3 h5 45. Rb7 Kh6 46. gxh5 f5
47. hxg6 Kh5 48. Rh7+ Kxg6 49. Rd7 Rxb2 50. h4 Bf2+ 51. Kh3 e4 52. Rd6+ Kg7 53.
Re6 e3 54. Bc4 Rb4 55. Bb3 Rg4 56. h5 Rg3+ 57. Kh2 f4 58. h6+ Kh8 59. Bc2 f3
60. h7 Rg2+ 61. Kh3 Rg3+ 1/2-1/2

[Event "XXV Torneo di Capodanno"]
[Site "Reggio nell'Emilia ITA"]
[Date "1982.12.28"]
[Round "2"]
[White "Ceschia, Ivano"]
[Black "Messa, Roberto"]
[Result "0-1"]
[WhiteElo "2285"]
[BlackElo "2330"]
[PlyCount "82"]
[EventDate "1982.12.27"]

1. e4 e6 2. d4 d5 3. Nd2 c5 4. Ngf3 Nc6 5. Bb5 Bd6 6. e5 Bb8 7. dxc5 Nge7 8.
O-O Ng6 9. Re1 O-O 10. Bxc6 bxc6 11. b3 Qa5 12. Bb2 Qxc5 13. Qc1 Qb6 14. Nf1 a5
15. Qg5 Ba7 16. Ne3 Qd8 17. Qh5 Qe7 18. g3 Rd8 19. Ng4 Qf8 20. Rad1 Bb6 21. c4
a4 22. cxd5 cxd5 23. Bc1 axb3 24. axb3 Ra2 25. Ng5 h6 26. Nf3 Bb7 27. Be3 d4
28. Nxd4 Bxd4 29. Rxd4 Rxd4 30. Bxd4 Qd8 31. Be3 Qd5 32. f3 Qxf3 33. Nxh6+ gxh6
34. Qxf3 Bxf3 35. Bxh6 Rg2+ 36. Kf1 Rxh2 37. Bf4 Rh1+ 38. Kf2 Rxe1 39. Kxe1
Nxf4 40. gxf4 Kg7 41. Kf2 Bd5 0-1

[Event "XXV Torneo di Capodanno"]
[Site "Reggio nell'Emilia ITA"]
[Date "1982.12.28"]
[Round "2"]
[White "Koch, Robert"]
[Black "Gaprindashvili, Nona"]
[Result "0-1"]
[WhiteElo "2260"]
[BlackElo "2325"]
[PlyCount "54"]
[EventDate "1982.12.27"]

1. c4 e6 2. Nc3 d5 3. d4 Be7 4. Nf3 Nf6 5. Bf4 O-O 6. e3 c5 7. dxc5 Bxc5 8.
cxd5 Nxd5 9. Nxd5 exd5 10. Bd3 Bb4+ 11. Ke2 Nc6 12. Qc2 g6 13. Rhd1 Bg4 14. Qa4
Qf6 15. Bb5 Qxb2+ 16. Kf1 Bf5 17. Bxc6 Bc2 18. Be5 Bxa4 19. Bxb2 bxc6 20. Rdc1
Rfc8 21. h4 h5 22. Be5 c5 23. Bd6 Ba3 24. Rcb1 Rc6 25. Be5 Rb6 26. Bc7 Rb5 27.
Kg1 Bb2 0-1

[Event "XXV Torneo di Capodanno"]
[Site "Reggio nell'Emilia ITA"]
[Date "1982.12.28"]
[Round "2"]
[White "Mokry, Karel"]
[Black "Anceschi, Vittorio"]
[Result "1/2-1/2"]
[WhiteElo "2425"]
[BlackElo "2210"]
[PlyCount "106"]
[EventDate "1982.12.27"]

1. e4 e6 2. d4 d5 3. Nc3 Nf6 4. Bg5 Bb4 5. e5 h6 6. Be3 Ne4 7. Qg4 Kf8 8. a3
Bxc3+ 9. bxc3 c5 10. Bd3 Nxc3 11. dxc5 Nc6 12. Nf3 Bd7 13. O-O Qc7 14. Bd2 Ne4
15. Bxe4 dxe4 16. Qxe4 Ne7 17. Nd4 Nc6 18. Rab1 Nxd4 19. Qxd4 Bc6 20. Rb3 Rd8
21. Qf4 Rd5 22. c4 Rd7 23. Be3 Qd8 24. Rbb1 h5 25. Qg5 Qxg5 26. Bxg5 f6 27.
exf6 gxf6 28. Bxf6 Rg8 29. g3 Kf7 30. Bc3 Rd3 31. Bb4 Bf3 32. Rbe1 Rgd8 33. Re3
h4 34. Rfe1 Rxe3 35. Rxe3 Bc6 36. g4 Rd4 37. f3 Rxc4 38. Be1 Rf4 39. Bxh4 Rxf3
40. Rxf3+ Bxf3 41. h3 a6 42. Kh2 Bd1 43. Bf2 Be2 44. Bd4 e5 45. Bxe5 Ke6 46.
Bd4 Kd5 47. Bf2 Ke4 48. Kg3 Bb5 49. h4 Ke5 50. h5 Be2 51. Kh4 Ke6 52. Kg5 Kf7
53. Be3 Bd1 1/2-1/2

[Event "XXV Torneo di Capodanno"]
[Site "Reggio nell'Emilia ITA"]
[Date "1982.12.28"]
[Round "2"]
[White "Wiedenkeller, Michael"]
[Black "Lengyel, Levente"]
[Result "0-1"]
[WhiteElo "2305"]
[BlackElo "2420"]
[PlyCount "68"]
[EventDate "1982.12.27"]

1. e4 e5 2. Nf3 Nc6 3. Bb5 a6 4. Ba4 Nf6 5. O-O Be7 6. Re1 b5 7. Bb3 d6 8. c3
O-O 9. d4 Bg4 10. Be3 exd4 11. cxd4 Na5 12. Bc2 c5 13. dxc5 dxc5 14. Nbd2 Nd7
15. Bf4 Nc6 16. h3 Bh5 17. e5 Rc8 18. g4 Bg6 19. Bf5 Bxf5 20. gxf5 f6 21. e6
Nde5 22. Re4 Qd5 23. Qe2 Nxf3+ 24. Nxf3 Qxf5 25. Kh2 Rfd8 26. Nh4 Qd5 27. Rg1
g5 28. Re3 Kh8 29. Qg4 Rg8 30. Reg3 Nd4 31. Be3 Bd6 32. f4 Rce8 33. fxg5 Qxe6
34. Bxd4 cxd4 0-1

[Event "XXV Torneo di Capodanno"]
[Site "Reggio nell'Emilia ITA"]
[Date "1982.12.31"]
[Round "5"]
[White "Wagman, Stuart"]
[Black "Bertok, Mario"]
[Result "0-1"]
[WhiteElo "2240"]
[BlackElo "2375"]
[PlyCount "42"]
[EventDate "1982.12.27"]

1. e4 c5 2. Nf3 d6 3. d4 cxd4 4. Nxd4 Nf6 5. Nc3 g6 6. g3 Nc6 7. Nde2 Bg7 8.
Bg2 O-O 9. O-O Rb8 10. Nd5 e6 11. Nxf6+ Bxf6 12. c3 Qc7 13. f4 b6 14. f5 Qe7
15. Bh6 Re8 16. Nf4 Ne5 17. Bh3 Kh8 18. Rf2 exf5 19. Nd5 Qd8 20. exf5 Bg5 21.
fxg6 Bxh6 0-1

[Event "XXV Torneo di Capodanno"]
[Site "Reggio nell'Emilia ITA"]
[Date "1983.01.01"]
[Round "6"]
[White "Danner, Georg"]
[Black "Mokry, Karel"]
[Result "1/2-1/2"]
[WhiteElo "2410"]
[BlackElo "2425"]
[PlyCount "84"]
[EventDate "1982.12.27"]

1. d4 d5 2. Nf3 Nf6 3. c4 c6 4. e3 Bg4 5. cxd5 Bxf3 6. gxf3 cxd5 7. Qb3 Qd7 8.
Nc3 Nc6 9. Bd3 e6 10. Bd2 Bd6 11. Rc1 O-O 12. Na4 e5 13. Nc5 Bxc5 14. dxc5 e4
15. fxe4 Nxe4 16. Bxe4 dxe4 17. Bc3 Rae8 18. Rd1 Qc8 19. Rd5 Qe6 20. Rg5 f6 21.
Qxe6+ Rxe6 22. Rd5 Rd8 23. Rxd8+ Nxd8 24. Kd2 Re7 25. Bd4 Kf7 26. Kc3 Ke6 27.
Kc4 Rd7 28. Rg1 g5 29. b4 Nc6 30. h4 h6 31. hxg5 fxg5 32. Rh1 Rh7 33. b5 Ne7
34. a4 h5 35. c6 b6 36. a5 Nc8 37. axb6 axb6 38. Bxb6 Nxb6+ 39. Kc5 Na4+ 40.
Kb4 Nb6 41. Kc5 Na4+ 42. Kb4 Nb6 1/2-1/2

[Event "XXV Torneo di Capodanno"]
[Site "Reggio nell'Emilia ITA"]
[Date "1983.01.02"]
[Round "7"]
[White "Mokry, Karel"]
[Black "Ceschia, Ivano"]
[Result "1/2-1/2"]
[WhiteElo "2425"]
[BlackElo "2285"]
[PlyCount "27"]
[EventDate "1982.12.27"]

1. d4 Nf6 2. Nf3 g6 3. Bf4 Bg7 4. e3 O-O 5. c3 d6 6. h3 Nbd7 7. Bc4 Qe8 8. O-O
e5 9. Bh2 a6 10. a4 b6 11. Qe2 Bb7 12. Rd1 Qe7 13. Nbd2 e4 14. Ne1 1/2-1/2

[Event "XXV Torneo di Capodanno"]
[Site "Reggio nell'Emilia ITA"]
[Date "1983.01.03"]
[Round "8"]
[White "Messa, Roberto"]
[Black "Anceschi, Vittorio"]
[Result "1-0"]
[WhiteElo "2330"]
[BlackElo "2210"]
[PlyCount "101"]
[EventDate "1982.12.27"]

1. e4 d6 2. d4 Nf6 3. Nc3 g6 4. g3 Bg7 5. Bg2 O-O 6. Nge2 e5 7. h3 c6 8. a4 a5
9. O-O Qc7 10. Be3 Na6 11. Qd2 Ne8 12. f4 exd4 13. Nxd4 f5 14. Rae1 Nb4 15. Kh1
Nf6 16. Bg1 fxe4 17. Nxe4 Nxe4 18. Rxe4 Bf5 19. Nxf5 gxf5 20. Re6 Rad8 21. Rfe1
Rf7 22. Bd4 Rdf8 23. Bxg7 Rxg7 24. c3 Na6 25. Rxd6 Nc5 26. Qd4 Nxa4 27. Rf6
Rxf6 28. Qxf6 Qd7 29. Bf3 Rg6 30. Qh4 Qd6 31. Re8+ Kf7 32. Rd8 Qe7 33. Qxh7+
Kf6 34. Qh4+ Kf7 35. Bh5 Qxh4 36. Bxg6+ Kxg6 37. gxh4 Nxb2 38. Rd7 Na4 39. Rxb7
Nxc3 40. Rc7 Kh5 41. Rxc6 Ne2 42. Kh2 Nxf4 43. Rc5 Kxh4 44. Rc4 Kg5 45. Ra4 Ng6
46. Rxa5 Nf4 47. Ra1 Kh4 48. Ra4 Kg5 49. h4+ Kg4 50. h5 Kg5 51. Rxf4 1-0

[Event "XXV Torneo di Capodanno"]
[Site "Reggio nell'Emilia ITA"]
[Date "1983.01.04"]
[Round "9"]
[White "Danner, Georg"]
[Black "Ceschia, Ivano"]
[Result "1/2-1/2"]
[WhiteElo "2410"]
[BlackElo "2285"]
[PlyCount "70"]
[EventDate "1982.12.27"]

1. d4 Nf6 2. c4 g6 3. Nc3 d5 4. Nf3 Bg7 5. cxd5 Nxd5 6. e4 Nxc3 7. bxc3 c5 8.
Rb1 O-O 9. Be2 b6 10. Bg5 Bb7 11. Qd3 Qd7 12. O-O cxd4 13. cxd4 Ba6 14. Qe3
Bxe2 15. Qxe2 Nc6 16. d5 Nd4 17. Nxd4 Bxd4 18. Rbd1 Bg7 19. e5 f6 20. e6 Qa4
21. Be3 Rac8 22. Rd4 Qa3 23. h4 Rc3 24. Bf4 f5 25. Be5 Bxe5 26. Qxe5 Qd6 27.
Qxd6 exd6 28. g4 fxg4 29. Rxg4 Rd3 30. h5 Kg7 31. hxg6 hxg6 32. f4 Rxd5 33. e7
Rg8 34. f5 Kf6 35. fxg6+ Kxe7 1/2-1/2

[Event "XXV Torneo di Capodanno"]
[Site "Reggio nell'Emilia ITA"]
[Date "1983.01.04"]
[Round "9"]
[White "Mokry, Karel"]
[Black "Bertok, Mario"]
[Result "1-0"]
[WhiteElo "2425"]
[BlackElo "2375"]
[PlyCount "83"]
[EventDate "1982.12.27"]

1. e4 c5 2. Nf3 d6 3. d4 cxd4 4. Nxd4 Nf6 5. Nc3 Nc6 6. Bg5 e6 7. Qd2 a6 8.
O-O-O Bd7 9. f4 b5 10. Bxf6 gxf6 11. Nxc6 Bxc6 12. Qe1 Qa5 13. Kb1 Be7 14. Bd3
h5 15. Qg3 O-O-O 16. Rhe1 Rdg8 17. Qh3 Bd7 18. Qf3 Qb6 19. f5 Kb8 20. Ne2 Qc5
21. Nf4 h4 22. Bf1 Rc8 23. Qb3 Rc7 24. fxe6 fxe6 25. c3 Rb7 26. Nxe6 Qe5 27.
Nd4 Qxh2 28. Nc2 Qe5 29. Qa3 d5 30. Qxa6 dxe4 31. Rxd7 Rxd7 32. Nd4 Rc8 33.
Bxb5 Ra7 34. Nc6+ Rxc6 35. Qxc6 f5 36. Qe8+ Kc7 37. Qc6+ Kb8 38. Qe8+ Kc7 39.
Rd1 Bf6 40. Qc6+ Kb8 41. Rd5 Qe7 42. Ba6 1-0

[Event "XXV Torneo di Capodanno"]
[Site "Reggio nell'Emilia ITA"]
[Date "1983.01.05"]
[Round "10"]
[White "Wagman, Stuart"]
[Black "Gaprindashvili, Nona"]
[Result "0-1"]
[WhiteElo "2240"]
[BlackElo "2325"]
[PlyCount "56"]
[EventDate "1982.12.27"]

1. e4 c5 2. Nf3 d6 3. d4 cxd4 4. Nxd4 Nf6 5. Nc3 a6 6. Be3 e5 7. Nb3 Be6 8. Be2
Be7 9. O-O O-O 10. f4 exf4 11. Rxf4 Nbd7 12. Nd4 Ne5 13. Nf5 Bxf5 14. Rxf5 Rc8
15. Kh1 Qd7 16. Nd5 Nxd5 17. Qxd5 Rxc2 18. Bd1 Rxb2 19. Bb3 Bf6 20. Rd1 Re2 21.
Bg1 Qe7 22. h3 Nc6 23. Bh2 Qxe4 24. Bxd6 Qxd5 25. Bxd5 Rd8 26. Bc4 Re7 27. Rfd5
Red7 28. g4 Nd4 0-1

[Event "XXV Torneo di Capodanno"]
[Site "Reggio nell'Emilia ITA"]
[Date "1983.01.06"]
[Round "11"]
[White "Anceschi, Vittorio"]
[Black "Koch, Robert"]
[Result "0-1"]
[WhiteElo "2210"]
[BlackElo "2260"]
[PlyCount "74"]
[EventDate "1982.12.27"]

1. f4 g6 2. Nf3 Bg7 3. g3 d5 4. Bg2 c6 5. c3 Qb6 6. Qb3 Bf5 7. Qxb6 axb6 8. d3
Na6 9. Nbd2 Nc5 10. Nd4 Nh6 11. N2b3 Na4 12. e4 dxe4 13. dxe4 Bd7 14. O-O O-O-O
15. h3 c5 16. Nf3 Bb5 17. Rf2 Rd1+ 18. Kh2 f6 19. Be3 Rhd8 20. Rxd1 Rxd1 21.
Nc1 Bc6 22. Ng1 c4 23. Bf3 Rd7 24. Rc2 Nc5 25. Bxc5 bxc5 26. Kg2 e5 27. Kf2 Re7
28. Re2 Nf7 29. f5 Bh6 30. fxg6 hxg6 31. Re1 Nd6 32. h4 Kc7 33. Nh3 Rd7 34. g4
Bd2 35. Rd1 Nxe4+ 36. Bxe4 Bxe4 37. Ne2 Rd3 0-1